[Event "I Festival di Pavia A"]
[Site "Vigevano ITA"]
[Date "2009.02.13"]
[Round "1"]
[White "Salmoiraghi, Angelo"]
[Black "Finocchiaro, Gianluca"]
[Result "1-0"]
[WhiteElo "2133"]
[BlackElo "2059"]
[PlyCount "42"]
[EventDate "2009.02.13"]

1. e4 d5 2. exd5 Qxd5 3. Nc3 Qa5 4. b4 Qxb4 5. a4 a6 6. Nf3 Nf6 7. Ba3 Qa5 8.
Bc4 Nc6 9. Rb1 g6 10. Qe2 Bg7 11. Nd4 Qe5 12. Nxc6 Qxe2+ 13. Bxe2 bxc6 14. Bf3
Bd7 15. Rb7 O-O 16. O-O Nd5 17. Nxd5 cxd5 18. Bxd5 Bxa4 19. Rxc7 Rac8 20. Rxe7
Rcd8 21. c4 Rd7 1-0

[Event "I Festival di Pavia A"]
[Site "Vigevano ITA"]
[Date "2009.02.13"]
[Round "1"]
[White "Sorcinelli, Francesco"]
[Black "Sbarra, Marco"]
[Result "0-1"]
[WhiteElo "2116"]
[BlackElo "2191"]
[PlyCount "56"]
[EventDate "2009.02.13"]

1. e4 e5 2. f4 exf4 3. Bc4 Nf6 4. Nc3 Bb4 5. e5 d5 6. Bb5+ c6 7. exf6 cxb5 8.
Qe2+ Be6 9. fxg7 Rg8 10. Nf3 a6 11. d4 Qc7 12. Bd2 Bxc3 13. bxc3 Rxg7 14. a4
bxa4 15. O-O Nd7 16. Ng5 Rxg5 17. Bxf4 Qd8 18. c4 Rf5 19. Bd6 Rxf1+ 20. Rxf1
dxc4 21. Qe4 Qb6 22. Bg3 a3 23. c3 a2 24. Qxh7 Qb2 25. Qg8+ Nf8 26. Qg5 a1=Q
27. Bd6 Qxf1+ 28. Kxf1 Qb1+ 0-1

[Event "I Festival di Pavia A"]
[Site "Vigevano ITA"]
[Date "2009.02.13"]
[Round "1"]
[White "Stella, Andrea"]
[Black "Sgnaolin, Davide"]
[Result "1-0"]
[WhiteElo "2273"]
[BlackElo "2209"]
[PlyCount "123"]
[EventDate "2009.02.13"]

1. d4 Nf6 2. c4 c5 3. d5 b5 4. cxb5 a6 5. f3 axb5 6. e4 Qa5+ 7. Bd2 b4 8. Na3
d6 9. Nc4 Qd8 10. a3 e6 11. axb4 Rxa1 12. Qxa1 exd5 13. exd5 Nxd5 14. Qa8 Qe7+
15. Ne2 Qb7 16. Qxb7 Bxb7 17. bxc5 dxc5 18. Nc3 Be7 19. Na5 Ba8 20. Bb5+ Kd8
21. Kf2 Kc7 22. Ra1 Nxc3 23. Bxc3 f6 24. Nc4 Nc6 25. Ne3 Rd8 26. Rxa8 Rxa8 27.
Nd5+ Kd6 28. Bxc6 Kxc6 29. Nxe7+ Kd7 30. Nf5 g6 31. Ne3 Ke6 32. Ke2 Rd8 33. Nc4
Rd7 34. Nd2 f5 35. h4 Kd5 36. Ke3 Re7+ 37. Kf4 Re2 38. g3 Ke6 39. h5 Rg2 40.
hxg6 hxg6 41. g4 Rh2 42. Nf1 Rf2 43. gxf5+ gxf5 44. Ne3 Rh2 45. Nxf5 Rh7 46.
Ke4 Rd7 47. Ne3 Ra7 48. f4 Ra4+ 49. Kf3 Kf7 50. f5 Rh4 51. Ng4 Rh3+ 52. Kf4 Rh1
53. Ne3 Rg1 54. Kf3 Rh1 55. Ng2 Rh2 56. Nf4 Rh1 57. Be5 Rh4 58. Ke4 Rh1 59. Ne6
Rf1 60. Ng5+ Ke8 61. f6 Kd7 62. f7 1-0

[Event "I Festival di Pavia A"]
[Site "Vigevano ITA"]
[Date "2009.02.13"]
[Round "1"]
[White "Tocchioni, Doriano"]
[Black "Bentivegna, Francesco"]
[Result "1-0"]
[WhiteElo "2264"]
[BlackElo "2360"]
[PlyCount "79"]
[EventDate "2009.02.13"]

1. d4 Nf6 2. Nf3 c5 3. d5 e6 4. c4 b5 5. Nc3 b4 6. Na4 exd5 7. cxd5 d6 8. a3
bxa3 9. Rxa3 Be7 10. Nc3 O-O 11. e4 Nbd7 12. h3 Re8 13. Bd3 a5 14. O-O Ba6 15.
Re1 Bxd3 16. Qxd3 Qb8 17. Re2 Nb6 18. Qb5 Nfd7 19. Bf4 Bf6 20. Kh2 g6 21. Re1
a4 22. Ra2 Ne5 23. Nxe5 Bxe5 24. Bxe5 Rxe5 25. b4 cxb4 26. Qxb4 Nd7 27. Qxb8+
Rxb8 28. Rxa4 Rb3 29. Rc4 Kg7 30. Ra1 Rb2 31. f4 Re8 32. Ra7 Nc5 33. e5 Rb7 34.
Rxb7 Nxb7 35. Rc7 Nd8 36. Rd7 dxe5 37. fxe5 Kh6 38. Nb5 Rf8 39. Nd6 Kg7 40. e6
1-0

[Event "I Festival di Pavia A"]
[Site "Vigevano ITA"]
[Date "2009.02.13"]
[Round "1"]
[White "Tramalloni, Luca"]
[Black "Kusnetsov, Mark"]
[Result "1/2-1/2"]
[WhiteElo "2126"]
[BlackElo "2038"]
[PlyCount "64"]
[EventDate "2009.02.13"]

1. d4 Nf6 2. c4 e6 3. g3 Be7 4. Bg2 O-O 5. Nf3 d5 6. O-O Nbd7 7. Nbd2 b6 8. Qc2
Bb7 9. b3 c5 10. Bb2 Rc8 11. Ne5 cxd4 12. Bxd4 Qc7 13. Qb2 Bc5 14. Nxd7 Bxd4
15. Qxd4 Qxd7 16. e4 e5 17. Qxe5 Rfe8 18. Qd4 dxe4 19. Qxd7 Nxd7 20. Rfe1 Nc5
21. Re2 f5 22. f3 e3 23. Nf1 f4 24. gxf4 Nd3 25. Rxe3 Nxf4 26. Rae1 Rf8 27. Nd2
Rc6 28. Bf1 Rg6+ 29. Kf2 Rh6 30. Kg1 Rg6+ 31. Kf2 Rh6 32. Kg1 Rg6+ 1/2-1/2

[Event "I Festival di Pavia A"]
[Site "Vigevano ITA"]
[Date "2009.02.13"]
[Round "1"]
[White "Zinani, Alessandro"]
[Black "Bove, Alessandro"]
[Result "0-1"]
[WhiteElo "2211"]
[BlackElo "2288"]
[PlyCount "64"]
[EventDate "2009.02.13"]

1. d4 Nf6 2. Bg5 c5 3. d5 Qb6 4. Nc3 Qxb2 5. Bd2 Qb6 6. e4 d6 7. f4 e6 8. Rb1
Qd8 9. Bb5+ Bd7 10. dxe6 fxe6 11. e5 Bxb5 12. Rxb5 dxe5 13. fxe5 Nd5 14. Ne4
Qh4+ 15. Ng3 Nc6 16. Rxb7 O-O-O 17. Qb1 Ndb4 18. Rf7 Qc4 19. Bxb4 cxb4 20. N1e2
Bc5 21. Qb3 Nxe5 22. Rxg7 Rhf8 23. Rf1 Rxf1+ 24. Nxf1 Qh4+ 25. Rg3 Qf6 26. Ne3
h5 27. Qa4 Kb7 28. Qb5+ Bb6 29. Qxb4 Ng4 30. Rxg4 hxg4 31. Nd1 e5 32. Qxg4 Qf1+
0-1

[Event "I Festival di Pavia A"]
[Site "Vigevano ITA"]
[Date "2009.02.14"]
[Round "2"]
[White "Arnetta, Maria Teresa"]
[Black "Ceccarini, Marco"]
[Result "1-0"]
[WhiteElo "2024"]
[BlackElo "2091"]
[PlyCount "39"]
[EventDate "2009.02.13"]

1. e4 g6 2. d4 Bg7 3. Nc3 c6 4. Nf3 d5 5. Bf4 Bg4 6. h3 Bxf3 7. Qxf3 dxe4 8.
Nxe4 Nf6 9. Nxf6+ Bxf6 10. O-O-O Qa5 11. Kb1 Nd7 12. Bc4 O-O 13. g4 Bg7 14. h4
e5 15. Bd2 Qb6 16. h5 exd4 17. hxg6 hxg6 18. Qh3 Rfe8 19. Qh7+ Kf8 20. Bh6 1-0

[Event "I Festival di Pavia A"]
[Site "Vigevano ITA"]
[Date "2009.02.14"]
[Round "2"]
[White "Astengo, Marcello"]
[Black "Lupik, Marina"]
[Result "0-1"]
[WhiteElo "2123"]
[BlackElo "2163"]
[PlyCount "110"]
[EventDate "2009.02.13"]

1. d4 Nf6 2. c4 c5 3. d5 e5 4. dxe6 fxe6 5. g3 d5 6. Bg2 d4 7. Bf4 Nc6 8. Bxc6+
bxc6 9. Nf3 Bd6 10. e3 O-O 11. O-O Qc7 12. Bxd6 Qxd6 13. Nbd2 e5 14. Ng5 Ng4
15. Nde4 Qg6 16. h3 Nf6 17. Nxf6+ gxf6 18. Nf3 Bxh3 19. Re1 Kh8 20. Nh4 Qg5 21.
Qa4 Bd7 22. Qa5 Rg8 23. Ng2 Bg4 24. Qxc5 Bf3 25. exd4 Qg4 26. Re3 exd4 27. Rd3
Rad8 28. Re1 Be2 29. Rd2 Bf3 30. Rd3 Be2 31. Rd2 d3 32. Qxc6 Rdf8 33. Qc7 Rg6
34. Qf4 Qc8 35. Ne3 Qh3 36. Qf5 Qh6 37. Kg2 Bg4 38. Rh1 Bxf5 39. Rxh6 Be4+ 40.
f3 Bxf3+ 41. Kxf3 Rxh6 42. Rxd3 Rh2 43. Rb3 Kg7 44. a4 Kg6 45. Rb5 Rd8 46. Nd5
f5 47. b4 Rc2 48. Rc5 Re8 49. a5 Re4 50. Rc6+ Kg5 51. c5 Rb2 52. a6 Rb3+ 53.
Kf2 Rd4 54. Rd6 Rd2+ 55. Ke1 Rh2 0-1

[Event "I Festival di Pavia A"]
[Site "Vigevano ITA"]
[Date "2009.02.14"]
[Round "2"]
[White "Bove, Alessandro"]
[Black "Tocchioni, Doriano"]
[Result "0-1"]
[WhiteElo "2288"]
[BlackElo "2264"]
[PlyCount "114"]
[EventDate "2009.02.13"]

1. e4 Nc6 2. Nc3 Nf6 3. Nf3 d5 4. exd5 Nxd5 5. Bb5 Nxc3 6. Bxc6+ bxc6 7. dxc3
Qxd1+ 8. Kxd1 Bg4 9. Ke2 e5 10. h3 Bxf3+ 11. Kxf3 f5 12. Re1 Bd6 13. Bf4 e4+
14. Ke3 g5 15. Bxg5 Rg8 16. h4 h6 17. Bxh6 Rxg2 18. b4 a5 19. Rg1 Rxg1 20. Rxg1
Kf7 21. Rg7+ Kf6 22. h5 axb4 23. Rg6+ Kf7 24. Rg7+ Kf6 25. Rg6+ Kf7 26. Bg5 Be5
27. cxb4 c5 28. bxc5 Rxa2 29. Kd2 Ra3 30. Rc6 Rf3 31. Ke2 Rc3 32. Kd2 Rh3 33.
h6 Rh2 34. Ke1 f4 35. c4 f3 36. Be3 Bc3+ 37. Kd1 Rh1+ 38. Kc2 Be5 39. Ra6 Re1
40. Ra3 Kg6 41. Bd2 Rf1 42. Ra6+ Kf5 43. Be3 Re1 44. Kd2 Rh1 45. Ra8 Rh2 46.
Rf8+ Kg6 47. Rg8+ Kf5 48. Rg1 Bf4 49. Bxf4 Kxf4 50. Ke1 e3 51. fxe3+ Kxe3 52.
Kd1 Rxh6 53. Re1+ Kd3 54. Rf1 Rh3 55. Ke1 Ke3 56. c6 Rh4 57. Kd1 f2 0-1

[Event "I Festival di Pavia A"]
[Site "Vigevano ITA"]
[Date "2009.02.14"]
[Round "2"]
[White "Burlando, Alessandro"]
[Black "Gabetto, Flaviano"]
[Result "1-0"]
[WhiteElo "2171"]
[BlackElo "2124"]
[PlyCount "63"]
[EventDate "2009.02.13"]

1. d4 d5 2. c4 e6 3. Nc3 f5 4. g3 Nf6 5. Bg2 c6 6. cxd5 exd5 7. Nh3 Bd6 8. O-O
O-O 9. Bf4 Na6 10. a3 Nc7 11. Rc1 Ne6 12. Bxd6 Qxd6 13. e3 Bd7 14. Qd3 Rae8 15.
Na4 b6 16. b4 Ne4 17. f3 Nxg3 18. hxg3 Qxg3 19. f4 c5 20. Rf3 Qh4 21. Nc3 cxd4
22. exd4 g5 23. fxg5 f4 24. Rcf1 Nxg5 25. Nxg5 Qxg5 26. Qd2 Rf6 27. Rxf4 Rg6
28. R4f2 Qh5 29. Qf4 Be6 30. Re1 Rc8 31. Re5 Qh3 32. Re3 1-0

[Event "I Festival di Pavia A"]
[Site "Vigevano ITA"]
[Date "2009.02.14"]
[Round "2"]
[White "Calavalle, Giulio"]
[Black "Rombaldoni, Axel"]
[Result "0-1"]
[WhiteElo "2267"]
[BlackElo "2309"]
[PlyCount "74"]
[EventDate "2009.02.13"]

1. e4 c5 2. Nc3 Nc6 3. Bc4 e6 4. d3 Nf6 5. Bg5 h6 6. Bh4 a6 7. f4 b5 8. Bb3 b4
9. Nce2 g5 10. fxg5 Ng4 11. Qd2 hxg5 12. Bxg5 f6 13. Bf4 e5 14. Be3 Nd4 15. Nh3
Rxh3 16. Bxd4 Bh6 17. gxh3 Bxd2+ 18. Kxd2 cxd4 19. hxg4 Bb7 20. Raf1 Qe7 21.
Ng3 Qg7 22. Nh5 Qg5+ 23. Ke1 O-O-O 24. Rhg1 d5 25. exd5 Bxd5 26. Kd1 Bxb3 27.
axb3 Rd6 28. Rf3 a5 29. h3 a4 30. bxa4 b3 31. Rg2 Rc6 32. Rgf2 f5 33. Rg3 fxg4
34. hxg4 Qh4 35. Rfg2 bxc2+ 36. Kc1 e4 37. Rg1 Qg5+ 0-1

[Event "I Festival di Pavia A"]
[Site "Vigevano ITA"]
[Date "2009.02.14"]
[Round "2"]
[White "Codenotti, Marco"]
[Black "Brenco, Marco"]
[Result "1-0"]
[WhiteElo "1992"]
[BlackElo "2068"]
[PlyCount "65"]
[EventDate "2009.02.13"]

1. e4 c5 2. Nf3 Nc6 3. d4 cxd4 4. Nxd4 Nf6 5. Nc3 e5 6. Ndb5 d6 7. Bg5 a6 8.
Na3 b5 9. Bxf6 gxf6 10. Nd5 Bg7 11. c3 O-O 12. Nc2 f5 13. exf5 Bxf5 14. Nce3
Be6 15. Bd3 f5 16. O-O f4 17. Qh5 Rf7 18. Bxh7+ Kf8 19. Bg6 Rd7 20. Rad1 Bxd5
21. Nxd5 Ne7 22. Be4 Raa7 23. Rd3 Nxd5 24. Bxd5 Bf6 25. Rfd1 Rh7 26. Qf5 Rhg7
27. Be4 Rg5 28. Qe6 Qe7 29. Rxd6 Qxe6 30. Rxe6 Kf7 31. Rdd6 Be7 32. Rxa6 Rd7
33. Kf1 1-0

[Event "I Festival di Pavia A"]
[Site "Vigevano ITA"]
[Date "2009.02.14"]
[Round "2"]
[White "Delorme, Axel"]
[Black "Genocchio, Daniele"]
[Result "0-1"]
[WhiteElo "2415"]
[BlackElo "2440"]
[PlyCount "48"]
[EventDate "2009.02.13"]

1. e4 e6 2. d4 d5 3. Nc3 Bb4 4. e5 b6 5. a3 Bf8 6. Bb5+ Bd7 7. Bd3 c5 8. f4 Nc6
9. Nf3 Nh6 10. b3 Nxd4 11. Nxd4 cxd4 12. Ne2 Ng4 13. Qd2 f6 14. exf6 Qxf6 15.
Bb2 Bc5 16. O-O O-O 17. b4 Qh6 18. h3 Ne3 19. bxc5 bxc5 20. c3 Nxf1 21. Rxf1 c4
22. Bb1 d3 23. Ng3 Rab8 24. Rf2 e5 0-1

[Event "I Festival di Pavia A"]
[Site "Vigevano ITA"]
[Date "2009.02.14"]
[Round "2"]
[White "Dvirnyy, Danyyil"]
[Black "Rudolf, Anna"]
[Result "1-0"]
[WhiteElo "2444"]
[BlackElo "2316"]
[PlyCount "99"]
[EventDate "2009.02.13"]

1. e4 e6 2. d4 d5 3. Nc3 Nf6 4. Bg5 dxe4 5. Nxe4 Nbd7 6. Nf3 h6 7. Nxf6+ Nxf6
8. Be3 Nd5 9. Bd2 c5 10. Bb5+ Bd7 11. Bxd7+ Qxd7 12. dxc5 Bxc5 13. O-O O-O 14.
c4 Nf6 15. Qe2 Rfd8 16. Bc3 Qd3 17. Qxd3 Rxd3 18. Bxf6 gxf6 19. Rfd1 Rad8 20.
Rxd3 Rxd3 21. Kf1 Kf8 22. Ke2 Rd6 23. Rc1 Ke7 24. Ne1 a5 25. Nd3 Rc6 26. g4 Kd7
27. Kf3 b6 28. Rd1 Ke7 29. b3 Rd6 30. Ke2 Bd4 31. Ne1 Be5 32. Rxd6 Bxd6 33. h4
Kd7 34. Nd3 Kc6 35. h5 Kd7 36. Ke3 Ke7 37. Ke4 Kd7 38. Kd4 Kc6 39. f3 Bf8 40.
f4 Kd6 41. a3 Bg7 42. Ke4 Kc6 43. b4 a4 44. f5 Bf8 45. Kd4 Bd6 46. Ke4 b5 47.
c5 Bg3 48. Nc1 Be5 49. g5 Bb2 50. gxh6 1-0

[Event "I Festival di Pavia A"]
[Site "Vigevano ITA"]
[Date "2009.02.14"]
[Round "2"]
[White "Efimov, Igor"]
[Black "Salmoiraghi, Angelo"]
[Result "1/2-1/2"]
[WhiteElo "2439"]
[BlackElo "2133"]
[PlyCount "116"]
[EventDate "2009.02.13"]

1. d4 Nf6 2. Nf3 e6 3. c4 b6 4. Nc3 Bb4 5. Bg5 h6 6. Bh4 g5 7. Bg3 Ne4 8. Qc2
Bb7 9. e3 Bxc3+ 10. bxc3 d6 11. Bd3 f5 12. d5 exd5 13. Nd4 dxc4 14. Bxc4 Nxg3
15. hxg3 Be4 16. Qe2 Qf6 17. f3 Bb7 18. Qc2 d5 19. Bb5+ c6 20. Bd3 Nd7 21. Bxf5
O-O-O 22. g4 Kb8 23. Bxd7 Rxd7 24. Kf2 c5 25. Nf5 d4 26. cxd4 cxd4 27. exd4
Rxd4 28. Rae1 Rd7 29. Kg3 Rc7 30. Qb3 h5 31. Re6 h4+ 32. Kh3 Qd8 33. Qe3 Bc8
34. Rd6 Qf8 35. Qe5 Bxf5 36. gxf5 Qc8 37. Rc1 Rhh7 38. Rxc7 Rxc7 39. Kg4 Kb7
40. Qd5+ Ka6 41. Rd8 Rc4+ 42. Kh5 Qc7 43. Rd7 Qc8 44. Qf7 Qh8+ 45. Kg6 Rc6+ 46.
f6 Qb8 47. Kg7 Rc5 48. Qe7 g4 49. Rxa7+ Qxa7 50. Qxa7+ Kxa7 51. f7 gxf3 52.
f8=Q fxg2 53. Qe7+ Kb8 54. Qe8+ Rc8 55. Qg6 Rc7+ 56. Kh6 Rc6 57. Qxc6 g1=Q 58.
Qd6+ Ka7 1/2-1/2

[Event "I Festival di Pavia A"]
[Site "Vigevano ITA"]
[Date "2009.02.14"]
[Round "2"]
[White "Fedorchuk, Sergey A."]
[Black "Cappai, Davide"]
[Result "1-0"]
[WhiteElo "2633"]
[BlackElo "2120"]
[PlyCount "54"]
[EventDate "2009.02.13"]

1. e4 g6 2. d4 Bg7 3. Nf3 d6 4. h3 Nf6 5. Nc3 O-O 6. Bf4 c5 7. d5 b5 8. Bxb5
Nxe4 9. Nxe4 Qa5+ 10. Nc3 Bxc3+ 11. bxc3 Qxb5 12. Nd2 Qa4 13. c4 Ba6 14. Qf3
Bxc4 15. Qe4 Bb5 16. c4 Ba6 17. O-O Re8 18. Rfe1 Nd7 19. Re3 Nf6 20. Qd3 Rab8
21. Rae1 Qd7 22. Qc3 Nh5 23. Bh6 e5 24. dxe6 fxe6 25. g4 Ng7 26. Ne4 Rf8 27.
Rd1 Ne8 1-0

[Event "I Festival di Pavia A"]
[Site "Vigevano ITA"]
[Date "2009.02.14"]
[Round "2"]
[White "Finocchiaro, Gianluca"]
[Black "Sorcinelli, Francesco"]
[Result "0-1"]
[WhiteElo "2059"]
[BlackElo "2116"]
[PlyCount "67"]
[EventDate "2009.02.13"]

1. e4 Nc6 2. Nf3 e5 3. Nc3 Nf6 4. d4 exd4 5. Nd5 Nb4 6. Nxf6+ Qxf6 7. a3 Nc6 8.
Bc4 d6 9. Bb5 Qg6 10. O-O Be7 11. Nxd4 Bd7 12. Nf5 Bxf5 13. exf5 Qxf5 14. Qe2
Qd7 15. Re1 O-O 16. Bf4 Bf6 17. c3 Rfe8 18. Qf3 a6 19. Ba4 b5 20. Bc2 Rxe1+ 21.
Rxe1 Re8 22. Rxe8+ Qxe8 23. Qe4 Qxe4 24. Bxe4 Na5 25. Kf1 h6 26. Ke2 Bg5 27.
Bxg5 hxg5 28. Kd3 c5 29. Bd5 c4+ 30. Ke4 g6 31. Ba8 Kf8 32. Bd5 Ke7 33. g4 Nb3
34. Bb7 0-1

[Event "I Festival di Pavia A"]
[Site "Vigevano ITA"]
[Date "2009.02.14"]
[Round "2"]
[White "Giretti Kanev, Jasen"]
[Black "Bentivegna, Francesco"]
[Result "1/2-1/2"]
[WhiteElo "2215"]
[BlackElo "2360"]
[PlyCount "72"]
[EventDate "2009.02.13"]

1. Nf3 d5 2. c4 c6 3. b3 Bg4 4. Ne5 Bf5 5. cxd5 Qxd5 6. Bb2 Nd7 7. Nc4 Bxb1 8.
Rxb1 Ngf6 9. f3 O-O-O 10. e4 Qg5 11. Qc2 e6 12. b4 Kb8 13. Bd4 Ne8 14. Be3 Qe7
15. Na5 Nc7 16. Be2 Nb6 17. O-O Nb5 18. Qxc6 bxc6 19. Nxc6+ Kb7 20. Bxb5 a6 21.
Na5+ Ka7 22. Be2 Rc8 23. Rfc1 Qxb4 24. Rxc8 Qxb1+ 25. Kf2 Qxa2 26. Rc7+ Kb8 27.
Bxb6 Bc5+ 28. Rxc5 Rc8 29. d4 Rxc5 30. dxc5 Qb2 31. Ke3 Qc3+ 32. Bd3 Qe1+ 33.
Kd4 Qa1+ 34. Ke3 Qe1+ 35. Kd4 Qa1+ 36. Ke3 Qe1+ 1/2-1/2

[Event "I Festival di Pavia A"]
[Site "Vigevano ITA"]
[Date "2009.02.14"]
[Round "2"]
[White "Godena, Michele"]
[Black "Lenic, Luka"]
[Result "1/2-1/2"]
[WhiteElo "2537"]
[BlackElo "2547"]
[PlyCount "40"]
[EventDate "2009.02.13"]

1. e4 e5 2. Nf3 Nc6 3. Bb5 a6 4. Bxc6 dxc6 5. O-O Qd6 6. d3 f6 7. Be3 Bg4 8.
Nbd2 Ne7 9. h3 Bh5 10. Nc4 Qd7 11. Nfxe5 Bxd1 12. Nxd7 Bxc2 13. Nc5 Ng6 14.
Rac1 Bxc5 15. Rxc2 Bxe3 16. fxe3 O-O-O 17. Rc3 Rhe8 18. Rf5 b6 19. b4 Kb7 20.
Kf2 Rd7 1/2-1/2

[Event "I Festival di Pavia A"]
[Site "Vigevano ITA"]
[Date "2009.02.14"]
[Round "2"]
[White "Guidi, Maurizio"]
[Black "Piccoli, Vincenzo"]
[Result "0-1"]
[WhiteElo "2074"]
[BlackElo "2009"]
[PlyCount "84"]
[EventDate "2009.02.13"]

1. e4 c5 2. Nc3 a6 3. a4 b6 4. g3 Bb7 5. Bg2 Nf6 6. Nf3 e6 7. d3 Be7 8. O-O O-O
9. Re1 d6 10. h3 Nc6 11. g4 Re8 12. Bf4 Rc8 13. b3 Nd7 14. Ne2 Bf6 15. c3 Nde5
16. Rc1 Nxf3+ 17. Bxf3 g6 18. Ng3 Ne5 19. Bg2 b5 20. axb5 axb5 21. d4 cxd4 22.
cxd4 Rxc1 23. Bxc1 Nc6 24. Bb2 Qc7 25. e5 Be7 26. Ne4 dxe5 27. dxe5 Rd8 28. Qb1
Qb6 29. Rd1 Nd4 30. Qd3 Nf5 31. Qe2 Bxe4 32. Rxd8+ Bxd8 33. Qxe4 Ne7 34. Qd3
Kg7 35. Bd4 Qa5 36. Bc3 Qc7 37. Bb2 Qa5 38. Kh2 Bc7 39. Qd7 Ng8 40. Qd3 Qe1 41.
f4 Qf2 42. Bc1 Bb6 0-1

[Event "I Festival di Pavia A"]
[Site "Vigevano ITA"]
[Date "2009.02.14"]
[Round "2"]
[White "Korneev, Oleg"]
[Black "Rombaldoni, Denis"]
[Result "0-1"]
[WhiteElo "2613"]
[BlackElo "2418"]
[PlyCount "98"]
[EventDate "2009.02.13"]

1. e4 c6 2. d4 d5 3. e5 Bf5 4. Nd2 e6 5. Nb3 Nd7 6. Nf3 Ne7 7. Be2 Nc8 8. O-O
Be7 9. Be3 O-O 10. c3 a5 11. Nc1 Ncb6 12. Bd3 Bxd3 13. Nxd3 a4 14. Qc1 Qc7 15.
Bg5 Bxg5 16. Qxg5 c5 17. Nf4 Qd8 18. Qg4 cxd4 19. cxd4 Qe7 20. Rad1 Rfc8 21.
Nh5 g6 22. Nf4 Rc2 23. Ng5 Nf8 24. Rd3 h6 25. Nf3 Rxb2 26. Nh5 Nbd7 27. Nf6+
Nxf6 28. exf6 Qxf6 29. Ne5 Qg7 30. Qd1 f6 31. Nf3 Qc7 32. a3 Qc2 33. Qxc2 Rxc2
34. Rb1 Rac8 35. Rdd1 R8c7 36. Rb4 R2c4 37. Rbb1 Rc3 38. Ra1 Rb3 39. Ra2 Rcc3
40. Rda1 Nd7 41. h4 Nb6 42. Re1 Kf7 43. Rae2 Rc6 44. Re3 Nc4 45. R3e2 Rxa3 46.
h5 gxh5 47. Nh4 Rd3 48. f4 Rxd4 49. g3 Re4 0-1

[Event "I Festival di Pavia A"]
[Site "Vigevano ITA"]
[Date "2009.02.14"]
[Round "2"]
[White "Kuzevanova, Evgenia"]
[Black "Massironi, Marco"]
[Result "1/2-1/2"]
[WhiteElo "2131"]
[BlackElo "2182"]
[PlyCount "123"]
[EventDate "2009.02.13"]

1. e4 c5 2. Nf3 d6 3. Bc4 e6 4. O-O Nf6 5. Re1 a6 6. a4 Nc6 7. Bf1 Bd7 8. c3
Rc8 9. d4 cxd4 10. cxd4 d5 11. e5 Ne4 12. Nc3 Nb4 13. Bd2 Nxd2 14. Qxd2 Be7 15.
Rec1 O-O 16. Ne1 f6 17. Nc2 fxe5 18. Nxb4 Bxb4 19. dxe5 Qb6 20. a5 Qa7 21. Qd1
Rxf2 22. Kh1 Rxb2 23. Nxd5 Rxc1 24. Rxc1 Rd2 25. Nf6+ gxf6 26. Qg4+ Kf7 27.
Qxb4 Qf2 28. exf6 Kxf6 29. Qf8+ Ke5 30. Qb8+ Kf6 31. Qh8+ Ke7 32. Qxh7+ Kd6 33.
Qe4 Bc6 34. Qb4+ Kc7 35. Qg4 Qd4 36. Qh5 Qf4 37. Rd1 Rxd1 38. Qxd1 Bd5 39. Be2
Kc6 40. Bf3 Kc5 41. Qg1+ Qd4 42. Qxd4+ Kxd4 43. Bxd5 exd5 44. h4 Ke3 45. h5 d4
46. h6 d3 47. h7 d2 48. h8=Q d1=Q+ 49. Kh2 Qd6+ 50. Kh3 Qd7+ 51. g4 Qd3 52.
Qe5+ Kf2+ 53. Kh4 Qh7+ 54. Kg5 Qg8+ 55. Kf5 Qh7+ 56. Kf4 Qh6+ 57. g5 Qh4+ 58.
Kf5 Qh3+ 59. Kf6 Qh8+ 60. Kf5 Qh3+ 61. Kf6 Qh8+ 62. Kf5 1/2-1/2

[Event "I Festival di Pavia A"]
[Site "Vigevano ITA"]
[Date "2009.02.14"]
[Round "2"]
[White "Kusnetsov, Mark"]
[Black "Borin, Fabio"]
[Result "1-0"]
[WhiteElo "2038"]
[BlackElo "2110"]
[PlyCount "71"]
[EventDate "2009.02.13"]

1. Nf3 c5 2. g3 g6 3. Bg2 Bg7 4. O-O Nc6 5. c4 Nf6 6. Nc3 O-O 7. d4 cxd4 8.
Nxd4 Qb6 9. Nb3 Qb4 10. c5 Rd8 11. Bf4 d5 12. cxd6 e5 13. Bg5 Rxd6 14. Qc1 Nd4
15. Nxd4 exd4 16. Bxf6 Bxf6 17. Nd5 Qa5 18. Qf4 Rxd5 19. Qxf6 Qd8 20. Qf4 Rb5
21. Rfd1 Rxb2 22. Rxd4 Qe7 23. Re4 Be6 24. Rc1 Rxa2 25. h4 Kg7 26. h5 g5 27.
Qe3 Ra3 28. Qd4+ Qf6 29. h6+ Kg6 30. Rxe6 Qxe6 31. Qg7+ Kh5 32. e3 Rxe3 33.
fxe3 Qxe3+ 34. Kh2 b5 35. Bxa8 Qxc1 36. Bf3+ 1-0

[Event "I Festival di Pavia A"]
[Site "Vigevano ITA"]
[Date "2009.02.14"]
[Round "2"]
[White "Napoli, Nicolo'"]
[Black "Zinani, Alessandro"]
[Result "1-0"]
[WhiteElo "2313"]
[BlackElo "2211"]
[PlyCount "79"]
[EventDate "2009.02.13"]

1. d4 Nf6 2. Nc3 d5 3. Bg5 Bf5 4. Bxf6 exf6 5. e4 dxe4 6. Qe2 Nd7 7. O-O-O Be7
8. Kb1 O-O 9. g4 Bg6 10. h4 h6 11. Nh3 Bd6 12. Nxe4 Re8 13. f3 Qe7 14. Bg2 f5
15. h5 Bh7 16. gxf5 Bxf5 17. Qb5 Bh7 18. Nhf2 Nb6 19. Bh3 c6 20. Qb3 Nd5 21. c4
Nf4 22. Bf1 c5 23. d5 a6 24. Ka1 Reb8 25. Qb6 Rd8 26. Nxd6 Qxd6 27. Qxd6 Rxd6
28. Rh4 Rf6 29. Re1 g5 30. hxg6 Nxg6 31. Rh3 Nf4 32. Ng4 Rg6 33. Nxh6+ Kf8 34.
Rh4 Re8 35. Rxe8+ Kxe8 36. Ng4 Bg8 37. a3 Ke7 38. Ka2 Rg5 39. Nh6 Ng2 40. Re4+
1-0

[Event "I Festival di Pavia A"]
[Site "Vigevano ITA"]
[Date "2009.02.14"]
[Round "2"]
[White "Pedini, Dario"]
[Black "Pavasovic, Dusko"]
[Result "0-1"]
[WhiteElo "2153"]
[BlackElo "2598"]
[PlyCount "66"]
[EventDate "2009.02.13"]

1. e4 e5 2. Nf3 Nc6 3. Bc4 Nf6 4. d3 Be7 5. O-O O-O 6. Nc3 d6 7. h3 Na5 8. Be3
c6 9. Bb3 h6 10. d4 Qc7 11. a3 Nxb3 12. cxb3 Be6 13. b4 Rad8 14. Rc1 Qb8 15.
Qc2 Rfe8 16. Rfd1 exd4 17. Nxd4 d5 18. Nxe6 fxe6 19. exd5 exd5 20. Qg6 Kh8 21.
Rd4 Ng8 22. Rg4 Bf6 23. Bf4 Qc8 24. Nb5 Bxb2 25. Rc2 Re6 26. Qd3 Bf6 27. Nd4
Re4 28. Ne2 Qf5 29. f3 h5 30. fxe4 dxe4 31. Qg3 hxg4 32. hxg4 Rd1+ 33. Kf2 e3+
0-1

[Event "I Festival di Pavia A"]
[Site "Vigevano ITA"]
[Date "2009.02.14"]
[Round "2"]
[White "Pomaro, Alberto"]
[Black "Tramalloni, Luca"]
[Result "1-0"]
[WhiteElo "2254"]
[BlackElo "2126"]
[PlyCount "139"]
[EventDate "2009.02.13"]

1. e4 e6 2. d4 d5 3. Nc3 Bb4 4. e5 Qd7 5. a3 Bxc3+ 6. bxc3 b6 7. Qg4 f5 8. Qg3
Ba6 9. Ne2 Nc6 10. h4 Qf7 11. h5 O-O-O 12. Qf3 Nge7 13. g3 Rdg8 14. Bg5 Bc4 15.
h6 g6 16. Bf6 Na5 17. Qe3 Re8 18. Bxh8 Rxh8 19. Qg5 Rf8 20. Rh4 Ng8 21. Bg2 Nc6
22. Nf4 Nge7 23. Nh3 Nd8 24. a4 a5 25. Qc1 Qg8 26. Ng5 Kd7 27. Qf4 Nf7 28. Kd2
Nxg5 29. Qxg5 Qf7 30. Rf4 Ba6 31. g4 Ke8 32. Rh1 Bc8 33. Bh3 Bd7 34. Ra1 Nc6
35. gxf5 exf5 36. Bg2 Ne7 37. Bf1 Qe6 38. Kc1 Bc6 39. Kb2 Kd7 40. Rh4 Kc8 41.
Bd3 Kb7 42. Rhh1 Ka7 43. Qd2 Rd8 44. Qe2 Kb8 45. f4 Ka7 46. Rhd1 Kb8 47. c4
dxc4 48. Bxc4 Bd5 49. Bd3 Nc6 50. c3 Qe7 51. Qe1 Be6 52. Bb5 Na7 53. Be2 Bd5
54. c4 Be4 55. Qc3 Qh4 56. Qe3 Qxh6 57. d5 Qf8 58. Qa3 Qc5 59. Qxc5 bxc5 60.
Bd3 Bf3 61. Rf1 Bg4 62. Kc3 h5 63. Kd2 Rh8 64. Ke3 Kb7 65. Kf2 Ka6 66. Rab1 Nc8
67. Rb8 Ka7 68. Rfb1 h4 69. Kg1 h3 70. Kh2 1-0

[Event "I Festival di Pavia A"]
[Site "Vigevano ITA"]
[Date "2009.02.14"]
[Round "2"]
[White "Pulito, Alberto"]
[Black "Stella, Andrea"]
[Result "1/2-1/2"]
[WhiteElo "2251"]
[BlackElo "2273"]
[PlyCount "24"]
[EventDate "2009.02.13"]

1. e4 e6 2. d4 d5 3. e5 c5 4. c3 Qb6 5. Nf3 Nc6 6. a3 Nh6 7. b4 cxd4 8. cxd4
Nf5 9. Bb2 Bd7 10. Be2 Be7 11. O-O Rc8 12. g4 Nh6 1/2-1/2

[Event "I Festival di Pavia A"]
[Site "Vigevano ITA"]
[Date "2009.02.14"]
[Round "2"]
[White "Radice, Luca"]
[Black "Ranfagni, Stefano"]
[Result "1-0"]
[WhiteElo "2096"]
[BlackElo "2041"]
[PlyCount "67"]
[EventDate "2009.02.13"]

1. d4 e6 2. e4 d5 3. Nc3 dxe4 4. Nxe4 Nd7 5. Nf3 Ngf6 6. Nxf6+ Nxf6 7. g3 Bd7
8. Ne5 Bd6 9. Bg2 c6 10. O-O Qc7 11. Qe2 h5 12. c4 c5 13. Nxd7 Nxd7 14. dxc5
Nxc5 15. Be3 h4 16. b4 Nd7 17. c5 Be5 18. Rac1 Nf6 19. Qb5+ Ke7 20. Qxb7 Rab8
21. Qxc7+ Bxc7 22. Rb1 Ng4 23. Bd4 e5 24. Bc3 hxg3 25. hxg3 f5 26. Rfe1 Ke6 27.
Rbd1 e4 28. f3 Bxg3 29. fxg4 Bxe1 30. Rxe1 Rh4 31. gxf5+ Kxf5 32. Rf1+ Rf4 33.
Bh3+ Kg5 34. Bd2 1-0